01391cam a22002415a 45000010009000000050017000090080041000260100017000670200018000840820022001021000029001242450045001532600033001983000036002315050572002676500044008396500031008836500044009146530017009589420012009759990017009879520145010041735121220130516130956.0120618s2012 nyu 000 0 eng  a 2012942258 a9783642311864 222a620.0042bCAV aCavazzuti, Marco.93321500aOptimization methods /cMarco Cavazzuti. aNew York :bSpringer,c2012. axviii, 262 p. :bill. ;c24 cm. aPart 1. Optimization theory -- Design of Experiments -- Response Surface Modelling -- Deterministic Optimization -- Stochastic Optimization -- Robust Design Analysis -- Part 2. Applications -- General Guidelines: How to Proceed in an Optimization Exercise -- A Forced Convection Application: Surface Optimization for Enhanced Heat Transfer -- A Natural Convection Application: Optimization of Rib Roughened Chimneys -- An Analytical Application: Optimization of a Stirling Engine Based on the Schmidt Analysis and on the Adiabatic Analysis -- Conclusions. aEngineering designxMathematics.933216 aMechanics, Applied.933217 aEngineering designxMathematics.933218 bElecMay2013 2ddccBB c17473d17445 00102ddc40708BaccahaMAINbMAINc1STd2013-05-16epurchaseg1180.00h17733l0o620.0042 CAVp000028744r2025-07-15 00:00:00v1475.00yBB